• 首页
  • 本馆介绍
  • 公告通知
  • 最新文献
  • 馆藏检索
  • 电子资源
  • 读者导购
  • 参考咨询
  • 我的图书馆
  • 登录
  • 详细信息显示
  • 放入我的书架
  • 预约/预借图书
  • 作者相关作品
  • 分类相关作品
  • 丛书相关作品
  • 出版社相关作品

书目信息

  • 表格格式
  • 工作单格式
  • 卡片格式
题名:
死·永生·上帝
    
 
作者: 舍勒 著 ;孙周兴 译
分册:  
出版信息: 北京   中国人民大学出版社  2010
页数: 21,206页
开本: 20cm
丛书名: 朗朗书房
单 册:
中图分类: B018
科图分类:
主题词: 信仰--研究 , 信仰
电子资源:
ISBN: 978-7-300-04959-5
000 01064oam2 2200289 45
001 1029491163
005 20100428085635.48
010    @a978-7-300-04959-5@dCNY19.90
100    @a20100426d2010 em y0chiy0120 ea
101 1  @achi@cger
102    @aCN@b110000
105    @ay z 000yy
106    @ar
200 1  @a死·永生·上帝@ASi· Yong Sheng· Shang Di@dTodfortleben und Gottesidee@f(德) 舍勒(Max Scheler)著@F( De ) She Le (Max Scheler) Zhu@d孙周兴译@zeng
210    @a北京@c中国人民大学出版社@d2010
215    @a21,206页@d20cm
225 2  @a朗朗书房@i历代基督教经典思想文库@v10
330    @a本书对信仰进行研究,提供了现象学的上帝理念论方案,探讨现代人为何不再信仰固体的永生,并就哲学和审判监督学的一般关系等进行论述。
462  0 @12001 @a朗朗书房@i历代基督教经典思想文库@v10
510 1  @aTodfortleben und Gottesidee@zeng
606 0  @a信仰@x研究
606 0  @a信仰
690    @aB018@v4
701  1 @a舍勒@AShe Le@g(Scheler, Max)@4著
702  0 @a孙周兴@ASun Zhou Xing@4译
801  0 @aCN@bTANGWEI@c20100428
905    @b0596283-87@dB018@e250@f5
    
    死·永生·上帝=Todfortleben und Gottesidee/(德) 舍勒(Max Scheler)著=孙周兴译.-北京:中国人民大学出版社,2010
    21,206页;20cm.-(朗朗书房.历代基督教经典思想文库;10)
    
    
    ISBN 978-7-300-04959-5:CNY19.90
    本书对信仰进行研究,提供了现象学的上帝理念论方案,探讨现代人为何不再信仰固体的永生,并就哲学和审判监督学的一般关系等进行论述。
●
相关链接 在E读中查询图书 在五车中查询图书 在当当中查询图书 在豆瓣中查询图书


正题名:死·永生·上帝     索取号:B018/250         预约/预借

序号 登录号 条形码 馆藏地/架位号 状态 备注
1 0596283   205962831   第一样本阅览室/ [索取号:B018/250] 在馆    
2 0596284   205962840   第一借阅区/ [索取号:B018/250] 在馆    
3 0596285   205962859   第一借阅区/ [索取号:B018/250] 在馆    
4 0596286   205962868   第一借阅区/ [索取号:B018/250] 在馆    
5 0596287   205962877   第一借阅区/ [索取号:B018/250] 在馆    
唐山师范学院图书馆 欢迎您!
大连网信软件有限公司© 版权所有